| 000 | 00969nam a2200253Ia 4500 | ||
|---|---|---|---|
| 003 | OSt | ||
| 005 | 20220923224755.0 | ||
| 006 | a|||||r|||| 00| 0 | ||
| 007 | ta | ||
| 008 | 220922b |||||||| |||| 00| 0 hin d | ||
| 024 | _a249,985 | ||
| 037 | _cTextual | ||
| 040 |
_aARTS _cARTS _bhin |
||
| 041 |
_2hin _ahin |
||
| 082 | _aX.2, 152K4 | ||
| 100 |
_aदेराश्री, सत्यदेव; नाथूरामका, लक्ष्मीनारायण _9168217 |
||
| 245 | 0 | _aभारतीय अर्थशास्त्र | |
| 246 | _aBhāratīya arthashāstra | ||
| 260 |
_aआगरा _b लक्ष्मीनारायण अग्रवाल _c1964 |
||
| 300 |
_a326पृ. _ccm. |
||
| 650 | _aअर्थशास्त्र | ||
| 942 |
_hX.2, 152K4 _cTEXL _2CC |
||
| 999 |
_c373568 _d373568 |
||